000 01199cam a2200313Ia 4500
999 _c3426
_d3426
001 269663
003 GBCCL
005 20241126110454.0
008 130129s2009 ilua b 001 0 eng d
020 _a8173623554
020 _a0830857443
035 _a(OCoLC)ocn825813104
035 _a(OCoLC)825813104
_z(OCoLC)772103892
040 _aOOY
_cOOY
_dBTCTA
_dBDX
_dCVN
_dYDXCP
_dLBB
049 _aLBBK
_aLBBC
050 0 4 _aBF637.L4
_bW7 2009
082 0 4 _a262.1
_a158.4
_221
_bWRI
090 _aBF637.L4
_bW7 2009
100 1 _aWright, Walter C.
_q(Walter Clifford),
_d1942-
_96965
245 1 0 _aRelational leadership :
_ba biblical model for influence and service /
_cWalter C. Wright, Jr.
250 _aIndian ed.
260 _aSecunderabad :
_bOM Books,
_c2003.
300 _a216 p. :
_bill. ;
_c23 cm.
504 _aIncludes bibliographical references and index.
505 0 _a1. The theology of servant leadership -- 2. The servant leader -- 3. Vision and hope -- 4. Influencing with values -- 5. Influencing through relationships -- 6. Influencing with accountability.
650 0 _aLeadership
_xBiblical teaching.
_96966
650 0 _aLeadership
_xReligious aspects.
_93088
942 _2ddc
_cBK
_06